000 00333nam a22001217a 4500
999 _c2735
_d2735
008 200316b ||||| |||| 00| 0 eng d
100 _92352
_aDemolo
245 1 0 _aProficiency in in survival craft and rescue boat
260 _aMumbai:
_bBhandarkar Publication,
_cc
300 _ax
650 0 _aNavigation--Safety measures
942 _cBK